| 000 | 00438nam a2200145Ia 4500 | ||
|---|---|---|---|
| 008 | 230917s9999||||xx |||||||||||||| ||und|| | ||
| 040 |
_e152727 _aMAIN |
||
| 041 | _aEnglish | ||
| 082 | _a346.0922 S26T(15) | ||
| 100 | _aTaxmann | ||
| 245 | 0 | _aSEBI manual 2v; V1- SEBI (issues of capital and disclosure requirements) etc; V2- SEBI Rules regulations, circulars | |
| 250 | _a15th ed. | ||
| 260 |
_aNew Delhi _bTaxmann _c2010 |
||
| 942 | _cBK | ||
| 999 |
_c154342 _d154342 |
||